000 00807nam0a22002651 4500
001 rc\2130088
005 20250623091715.0
035 _a(NLR Aleph) 006699552
090 _a5229827
_c5229827
100 _a20110829d1978 |||y0rusy50 ca
101 0 _arus
102 _aRU
105 _aa z |||||
200 1 _aОстров Аэгна
_e[Пер. с эст.]
210 _aТаллин
_cЭэсти раамат
_d1978
215 _a54 с.
_cил.
_d19
606 _aГеографические ландшафты
_yАэгна, о-в
_2psbo
700 1 _aГуставсон
_bХ.А.
_gХейно Аугустович
801 0 _aRU
_bNLR
_gpsbo
801 1 _aRU
_bELAR
_2rusmarc
852 _aNLR
_j78-4/27931
899 _aRuMoRGB
_jM 78-12/1777
899 _aRuMoRGB
_jM 78-12/1778
942 _cBOOK
980 _aNB